UBT Library

The genius of American politics / (Record no. 43966)

000 -LEADER
fixed length control field 00859cam a2200265 i 4500
001 - CONTROL NUMBER
control field 3183095
005 - DATE AND TIME OF LATEST TRANSACTION
control field 20180302041934.0
008 - FIXED-LENGTH DATA ELEMENTS--GENERAL INFORMATION
fixed length control field 760318s1953 ilu b 001 0 eng
010 ## - LIBRARY OF CONGRESS CONTROL NUMBER
LC control number 76352376
Canceled/invalid LC control number 76352377
020 ## - INTERNATIONAL STANDARD BOOK NUMBER
International Standard Book Number 0226064913 (pbk.)
020 ## - INTERNATIONAL STANDARD BOOK NUMBER
International Standard Book Number 0226064905
040 ## - CATALOGING SOURCE
Original cataloging agency DLC
Transcribing agency DLC
Modifying agency DLC
041 ## - LANGUAGE CODE
Language code of text/sound track or separate title eng
043 ## - GEOGRAPHIC AREA CODE
Geographic area code n-us---
051 ## - LIBRARY OF CONGRESS COPY, ISSUE, OFFPRINT STATEMENT
Classification number JA84.U5
Item number B6 1962b
Copy information Another impression. "Tenth impression, 1969"--Verso of t.p.
051 ## - LIBRARY OF CONGRESS COPY, ISSUE, OFFPRINT STATEMENT
Classification number 321
Item number B6 1962c
Copy information Another impression. "Eleventh impression, 1973"--Verso of t.p. Second series has variant title: A Phoenix book ; P27.
080 ## - UNIVERSAL DECIMAL CLASSIFICATION NUMBER
Universal Decimal Classification number 321
082 ## - DEWEY DECIMAL CLASSIFICATION NUMBER
Edition number 321 BOO
100 1# - Rafti
Rafti 19
101 ## - Shkurtesa
Shkurtesa SHP
245 14 - TITLE STATEMENT
Title The genius of American politics /
Statement of responsibility, etc by Daniel J. Boorstin.
504 ## - BIBLIOGRAPHY, ETC. NOTE
Bibliography, etc Bibliography: p. 191-194.
906 ## - LOCAL DATA ELEMENT F, LDF (RLIN)
a 7
b cbc
c orignew
d 4
e ncip
f 19
g y-gencatlg
942 ## - ADDED ENTRY ELEMENTS (KOHA)
Source of classification or shelving scheme
Item type Books
Holdings
Withdrawn status Lost status Source of classification or shelving scheme Damaged status Not for loan Collection code Permanent location Current location Shelving location Date acquired Total Checkouts Full call number Barcode Date last seen Price effective from Koha item type
          Koleksioni i përgjithshem UBT - Lipjan UBT - Lipjan Koleksioni i përgjithshem 03/02/2018   321 BOO 002-3000792 03/02/2018 03/02/2018 Books
UBT Library © 2015-2024. All rights reserved University Education for Business and Technology